Normal view
MARC view
- NS SHAKIR HANIF NS JUNAID ALI ASSISTANT
Entry Personal Name
001 - CONTROL NUMBER
- control field: 70822
003 - CONTROL NUMBER IDENTIFIER
- control field: NUST
005 - DATE AND TIME OF LATEST TRANSACTION
- control field: 20210628204546.0
008 - FIXED-LENGTH DATA ELEMENTS
- fixed length control field: 210628|| aca||aabn | a|a d
040 ## - CATALOGING SOURCE
- Original cataloging agency: NUST
- Transcribing agency: NUST
100 ## - HEADING--PERSONAL NAME
- Personal name: NS SHAKIR HANIF NS JUNAID ALI ASSISTANT
670 ## - SOURCE DATA FOUND
- Source citation: Work cat.: (NUST): NS SHAKIR HANIF NS JUNAID ALI ASSISTANT , PR-SOF-1534-DESIGN AND DEPLOYMENT OF WEATHER BALLOON WITH DATA ACQUISITION, 2016
